000 01042nam0a22002891 4500
001 v19\rc\1291087
005 20060306185248.5
035 _a(NLR Aleph) 004438775
090 _a4372338
_c4372338
100 _a20060306d1857 |||y0rusy50 ca
101 0 _arus
102 _aRU
105 _ay z |||||
200 1 _aТеория поэзии
_eКурс 1 спец. кл. [Орловско-Бахтина кадет. корп.]
_f[Сост. преп. рус. словесности ст. учитель Орлов. гимназии Никитин]
210 _a[Орел
_d1857]
215 _a69 с.
_d37
300 _aАвт. указан в конце текста
309 _aБез тит. л. и обл.
309 _aНаписано от руки. Литогр.
700 1 _aНикитин
_bВ. А.
_gВасилий Алексеевич
801 0 _aRU
_bNLR
_gpsbo
801 0 _aRU
_bRuMoRGB
_2psbo
801 1 _aRU
_bProSoft-M
_2rusmarc
852 _aNLR
_j18.250.1.39
852 _aNLR
_j18.185.1.157
942 _cBOOK
980 _aNB